000 00581nam a2200241Ia 4500
003 OSt
005 20221005121752.0
006 a|||||r|||| 00| 0
007 ta
008 221004b |||||||| |||| 00| 0 tam d
024 _a51156
037 _cTextual
040 _aCRL
_cCRL
_btam
041 _2tam
_atam
082 _aO31,6N28,1, K1
100 _aAnnamalai
_9631121
245 0 _aIlakkiyamedai
260 _c1961
300 _a147p.
_ccm.
650 _aTAMIL FICTION
942 _hO31,6N28,1, K1
_cTEXL
_2cc
999 _c1042211
_d1042211